000 00833 a2200217 4500
999 _c8191
_d8191
020 _a0761964762
020 _a9780761964773
050 0 0 _aP93.5LEE2001
245 0 0 _aHandbook of visual analysis /
_cedited by Theo Van Leeuwen and Carey Jewitt.
264 _aNew Delhi:
_bSage,
_c2001
300 _axii, 210 p. :
_bill. ;
500 _aincludes index
504 _aIncludes bibliographical references and index.
650 0 _aVisual communication.
700 1 _aVan Leeuwen, Theo,
_d1947-
700 1 _aJewitt, Carey.
856 4 2 _3Publisher description
_uhttp://www.loc.gov/catdir/enhancements/fy0657/2001273642-d.html
856 4 1 _3Table of contents only
_uhttp://www.loc.gov/catdir/enhancements/fy0657/2001273642-t.html
942 _2lcc
_cBK
_h93.5
_iLEE
_kP